| 000 | 01206nam0a22002531 4500 | ||
|---|---|---|---|
| 001 | rc\1016930 | ||
| 005 | 20041129102426.3 | ||
| 035 | _a(NLR Aleph) 006181991 | ||
| 090 |
_a6075454 _c6075454 |
||
| 100 | _a20041129d1981 u |0rusy50 ca | ||
| 101 | 0 | _arus | |
| 102 | _aRU | ||
| 105 | _aa ||||||||| | ||
| 200 | 1 |
_aМетодика расчета и проектирования профиля и длины ствола наклонно направленных скважин по стратиграфическим горизонтам на ЕС ЭВМ _fМ-во нефт. пром-сти, Произв. об-ние "Башнефть", Башк. гос. н.-и. и проект. ин-т нефт. пром-сти (БашНИПИнефть) [ОНТИ] _g[Сост. Д.К. Гайсин] |
|
| 210 |
_aУфа _cБ. и. _d1981 |
||
| 215 |
_a51 с. _cил. _d20 |
||
| 320 | _aБиблиогр.: с. 38 | ||
| 702 | 1 |
_aГайсин _bД. К. _4220 |
|
| 712 | 0 | 2 |
_aБашкирский н.-и. и проектный ин-т нефтяной промышленности _cУфа _3RU\NLR\AUTH\889985450 |
| 801 | 0 |
_aRU _bNLR _gpsbo |
|
| 801 | 1 |
_aRU _bELAR _2rusmarc |
|
| 852 |
_aNLR _j82-4/20545 |
||
| 942 | _cBOOK | ||
| 980 | _aNB | ||